[Event "European Senior Team Championship 2021"]
[Site "Don Giovanni hotel, Vinohradska 2733, Prague, Czech Republic"]
[Date "2021.09.05"]
[Round "7"]
[Board "3"]
[White "Kretschmer, Wolfgang"]
[Black "Kundt, Guenther"]
[Result "1-0"]
[WhiteElo "1731"]
[BlackElo "1751"]
[PlyCount "0"]
[EventDate "2021.08.30"]
[EventType "team"]
[EventRounds "9"]
[EventCountry "ECX"]
[WhiteTeam "DRESDENER SPRINGER"]
[BlackTeam "GERMAN NORTH TEAM"]

1. d4 {[%clk 1:30:56]} d5 {[%clk 1:30:55]} 2. c4 {[%clk 1:31:16]} e6
{[%clk 1:31:15]} 3. Nc3 {[%clk 1:31:28]} Nf6 {[%clk 1:31:21]} 4. Nf3
{[%clk 1:31:47]} Nbd7 {[%clk 1:31:13]} 5. e3 {[%clk 1:29:46]} Be7
{[%clk 1:30:49]} 6. b3 {[%clk 1:27:44]} O-O {[%clk 1:27:36]} 7. Bd3
{[%clk 1:27:00]} b6 {[%clk 1:23:46]} 8. O-O {[%clk 1:25:45]} Bb7 {[%clk 1:22:58]}
9. Qc2 {[%clk 1:19:50]} c5 {[%clk 1:14:46]} 10. Qe2 {[%clk 1:12:21]} Rc8
{[%clk 1:07:31]} 11. Bb2 {[%clk 1:11:24]} Ne4 {[%clk 1:00:03]} 12. Rac1
{[%clk 1:09:05]} Re8 {[%clk 0:53:59]} 13. Rfd1 {[%clk 1:00:49]} Qc7
{[%clk 0:52:24]} 14. Bb1 {[%clk 0:49:44]} Ndf6 {[%clk 0:45:59]} 15. Ne5
{[%clk 0:47:11]} Bd6 {[%clk 0:44:21]} 16. Nb5 {[%clk 0:46:36]} Qb8
{[%clk 0:43:00]} 17. Nxd6 {[%clk 0:44:43]} Nxd6 {[%clk 0:37:01]} 18. Qe1
{[%clk 0:39:07]} Red8 {[%clk 0:32:19]} 19. f3 {[%clk 0:38:11]} Qa8
{[%clk 0:14:59]} 20. dxc5 {[%clk 0:28:31]} bxc5 {[%clk 0:14:44]} 21. Qh4
{[%clk 0:18:23]} Nde8 {[%clk 0:13:13]} 22. Ng4 {[%clk 0:15:57]} Nxg4
{[%clk 0:04:19]} 23. Qxh7+ Kf8 24. Qh8+ {[%clk 0:12:37]} Ke7 {[%clk 0:05:06]} 25.
fxg4 {[%clk 0:12:27]} dxc4 {[%clk 0:05:07]} 26. Qh4+ {[%clk 0:09:41]} Kf8
{[%clk 0:04:32]} 27. Qf2 {[%clk 0:07:58]} Be4 {[%clk 0:04:13]} 28. Rf1
{[%clk 0:04:47]} Rd7 {[%clk 0:03:30]} 29. Bxe4 {[%clk 0:04:44]} Qxe4
{[%clk 0:03:59]} 30. Rxc4 {[%clk 0:04:46]} Qg6 {[%clk 0:03:09]} 31. Qc2
{[%clk 0:04:19]} Qxc2 {[%clk 0:03:30]} 32. Rxc2 {[%clk 0:04:48]} Rd3
{[%clk 0:03:18]} 33. Ba3 {[%clk 0:04:47]} Rxe3 {[%clk 0:03:27]} 34. Rxc5
{[%clk 0:04:11]} Rd8 {[%clk 0:03:13]} 35. Rc3+ {[%clk 0:04:09]}  1-0

[Event "European Senior Team Championship 2021"]
[Site "Don Giovanni hotel, Vinohradska 2733, Prague, Czech Republic"]
[Date "2021.09.05"]
[Round "7"]
[Board "4"]
[White "Geibel, Henning"]
[Black "Baensch, Frank"]
[Result "1-0"]
[WhiteElo "1446"]
[BlackElo "1682"]
[PlyCount "0"]
[EventDate "2021.08.30"]
[EventType "team"]
[EventRounds "9"]
[EventCountry "ECX"]
[WhiteTeam "GERMAN NORTH TEAM"]
[BlackTeam "DRESDENER SPRINGER"]

1. e4 {[%clk 1:30:44]} c5 {[%clk 1:30:49]} 2. Nf3 {[%clk 1:30:43]} d6
{[%clk 1:31:01]} 3. Bc4 {[%clk 1:30:41]} e6 {[%clk 1:31:06]} 4. O-O
{[%clk 1:30:45]} a6 {[%clk 1:30:50]} 5. d4 {[%clk 1:30:42]} Be7 {[%clk 1:27:26]}
6. dxc5 {[%clk 1:30:34]} dxc5 {[%clk 1:27:11]} 7. Qxd8+ {[%clk 1:30:46]} Bxd8
{[%clk 1:27:30]} 8. Bg5 {[%clk 1:30:17]} Bxg5 {[%clk 1:26:02]} 9. Nxg5
{[%clk 1:30:40]} h6 {[%clk 1:26:07]} 10. Nf3 {[%clk 1:30:37]} Nc6
{[%clk 1:25:51]} 11. e5 {[%clk 1:30:15]} Nge7 {[%clk 1:25:35]} 12. Nc3
{[%clk 1:29:24]} b5 {[%clk 1:25:36]} 13. Bd3 {[%clk 1:28:31]} Bb7
{[%clk 1:24:32]} 14. Ne4 {[%clk 1:27:45]} c4 {[%clk 1:23:09]} 15. Be2
{[%clk 1:27:04]} O-O {[%clk 1:22:25]} 16. Nd6 {[%clk 1:26:50]} Rab8
{[%clk 1:20:58]} 17. c3 {[%clk 1:26:27]} Ng6 {[%clk 1:20:02]} 18. Ne4
{[%clk 1:24:34]} Ncxe5 {[%clk 1:18:48]} 19. Nc5 {[%clk 1:24:21]} Nxf3+
{[%clk 1:10:47]} 20. Bxf3 {[%clk 1:24:11]} Bc8 {[%clk 1:10:50]} 21. Rad1
{[%clk 1:23:32]} Ne5 {[%clk 1:10:03]} 22. Rd6 {[%clk 1:22:46]} Nxf3+
{[%clk 1:09:34]} 23. gxf3 {[%clk 1:22:58]} a5 {[%clk 1:08:39]} 24. Rfd1
{[%clk 1:22:41]} Bb7 {[%clk 1:06:53]} 25. Nd7 {[%clk 1:21:50]} Bxf3
{[%clk 1:06:49]} 26. R1d2 {[%clk 1:21:43]} Bd5 {[%clk 1:06:44]} 27. Nxf8
{[%clk 1:21:27]} Kxf8 {[%clk 1:06:46]} 28. Rd4 {[%clk 1:18:34]} Ke7
{[%clk 1:05:51]} 29. Ra6 {[%clk 1:18:31]} a4 {[%clk 1:06:03]} 30. Ra7+
{[%clk 1:17:50]} Kf8 {[%clk 1:05:34]} 31. Rf4 {[%clk 1:17:21]} f5
{[%clk 1:05:19]} 32. Rh4 {[%clk 1:17:15]} Rd8 {[%clk 1:00:00]} 33. Rd4 Kg8 34. f4
{[%clk 1:12:45]} Kh7 {[%clk 0:58:57]} 35. Re7 {[%clk 1:12:35]} Kg6
{[%clk 0:58:42]} 36. Rxe6+ {[%clk 1:12:32]} Bxe6 {[%clk 0:57:29]} 37. Rxd8
{[%clk 1:12:50]} Kh5 {[%clk 0:56:59]} 38. Kf2 {[%clk 1:12:28]} Kg4
{[%clk 0:57:04]} 39. Re8 {[%clk 1:12:21]} Bd5 {[%clk 0:56:04]} 40. Re5
{[%clk 1:11:37]} Bc6 {[%clk 0:56:10]} 41. Ke3 {[%clk 1:11:46]} g5
{[%clk 0:55:59]} 42. fxg5 {[%clk 1:11:29]} hxg5 {[%clk 0:56:15]} 43. Rc5
{[%clk 1:11:12]} Bd7 {[%clk 0:54:18]} 44. Rd5 {[%clk 1:11:00]} Bc6
{[%clk 0:53:45]} 45. Rc5 {[%clk 1:10:58]} Bd7 {[%clk 0:53:34]} 46. Rc7 Be8 47.
Rh7 {[%clk 1:08:59]} f4+ {[%clk 0:52:58]} 48. Kf2 Kf5 49. h3 {[%clk 1:06:26]} Kg6
{[%clk 0:51:36]} 50. Re7 {[%clk 1:05:37]} Bf7 {[%clk 0:51:37]} 51. Re5
{[%clk 1:05:14]} Kh5 {[%clk 0:50:50]} 52. Rxb5 {[%clk 1:05:36]} Be6
{[%clk 0:49:12]} 53. Rb4 {[%clk 1:05:31]} Kh4 {[%clk 0:48:54]} 54. Rxa4
{[%clk 1:05:14]} Kxh3 {[%clk 0:49:04]} 55. Ra6 {[%clk 1:05:20]} Bd5
{[%clk 0:48:33]} 56. Ra5 {[%clk 1:05:08]} g4 {[%clk 0:45:04]} 57. Rxd5
{[%clk 1:05:00]} Kh2 {[%clk 0:44:32]} 58. Rh5#  1-0

[Event "European Senior Team Championship 2021"]
[Site "Don Giovanni hotel, Vinohradska 2733, Prague, Czech Republic"]
[Date "2021.09.06"]
[Round "8"]
[Board "1"]
[White "Gruenfeld, Yehuda"]
[Black "Farago, Ivan"]
[Result "1-0"]
[WhiteElo "2397"]
[BlackElo "2323"]
[PlyCount "0"]
[EventDate "2021.08.30"]
[EventType "team"]
[EventRounds "9"]
[EventCountry "ECX"]
[WhiteTeam "ISRAEL 1"]
[BlackTeam "HUNGARY"]

1. e4 {[%clk 1:30:57]} e6 {[%clk 1:30:53]} 2. d4 {[%clk 1:31:21]} d5
{[%clk 1:31:17]} 3. Nc3 {[%clk 1:31:47]} h6 {[%clk 1:31:38]} 4. Nf3
{[%clk 1:30:33]} Nf6 {[%clk 1:31:20]} 5. Bd3 {[%clk 1:27:34]} Bb4
{[%clk 1:31:09]} 6. exd5 {[%clk 1:18:59]} exd5 {[%clk 1:31:13]} 7. O-O
{[%clk 1:19:23]} O-O {[%clk 1:29:30]} 8. h3 {[%clk 1:08:26]} c6 {[%clk 1:29:32]}
9. Ne5 {[%clk 1:03:27]} Nbd7 {[%clk 1:25:14]} 10. Qf3 {[%clk 0:59:34]} Re8
{[%clk 1:23:38]} 11. Bf4 {[%clk 0:58:24]} Bxc3 {[%clk 1:09:08]} 12. bxc3
{[%clk 0:58:27]} Ne4 {[%clk 1:03:47]} 13. Rfe1 {[%clk 0:54:44]} Nxe5
{[%clk 1:01:44]} 14. dxe5 {[%clk 0:48:07]} Nxc3 {[%clk 0:50:35]} 15. Qg3
{[%clk 0:47:39]} Re6 {[%clk 0:47:03]} 16. Bf5 {[%clk 0:44:15]} Ne4
{[%clk 0:46:48]} 17. Rxe4 {[%clk 0:44:12]} dxe4 {[%clk 0:46:58]} 18. Bxe6
{[%clk 0:44:37]} Bxe6 {[%clk 0:47:09]} 19. Bxh6 {[%clk 0:44:57]} Qf8
{[%clk 0:47:31]} 20. Bg5 {[%clk 0:42:35]} Bf5 {[%clk 0:46:52]} 21. h4
{[%clk 0:42:46]} Kh8 {[%clk 0:39:21]} 22. Qf4 {[%clk 0:40:49]} Bg6
{[%clk 0:23:11]} 23. h5 {[%clk 0:38:51]} Bh7 {[%clk 0:23:14]} 24. Rd1
{[%clk 0:37:07]} Qc8 {[%clk 0:20:27]} 25. Rd8+  1-0

[Event "European Senior Team Championship 2021"]
[Site "Don Giovanni hotel, Vinohradska 2733, Prague, Czech Republic"]
[Date "2021.09.06"]
[Round "8"]
[Board "2"]
[White "Hardicsay, Peter"]
[Black "Birnboim, Nathan"]
[Result "0-1"]
[WhiteElo "2185"]
[BlackElo "2375"]
[PlyCount "0"]
[EventDate "2021.08.30"]
[EventType "team"]
[EventRounds "9"]
[EventCountry "ECX"]
[WhiteTeam "HUNGARY"]
[BlackTeam "ISRAEL 1"]

1. e4 {[%clk 1:30:55]} e6 {[%clk 1:29:40]} 2. d4 {[%clk 1:31:10]} d5
{[%clk 1:30:05]} 3. Nd2 {[%clk 1:28:23]} c5 {[%clk 1:29:33]} 4. Ngf3
{[%clk 1:28:01]} Nc6 {[%clk 1:28:16]} 5. exd5 {[%clk 1:27:25]} exd5
{[%clk 1:28:09]} 6. Bb5 {[%clk 1:27:00]} Bd6 {[%clk 1:28:23]} 7. dxc5
{[%clk 1:23:31]} Bxc5 {[%clk 1:28:47]} 8. O-O {[%clk 1:23:50]} Nge7
{[%clk 1:29:06]} 9. Nb3 {[%clk 1:23:26]} Bd6 {[%clk 1:29:20]} 10. Nbd4
{[%clk 1:16:41]} O-O {[%clk 1:29:13]} 11. c3 {[%clk 1:15:56]} Bg4
{[%clk 1:27:39]} 12. Be2 {[%clk 1:00:37]} a6 {[%clk 1:17:41]} 13. Ng5
{[%clk 0:53:24]} Bxe2 {[%clk 1:15:33]} 14. Nxe2 {[%clk 0:53:26]} h6
{[%clk 1:09:50]} 15. Nf3 {[%clk 0:52:18]} Qc7 {[%clk 1:09:33]} 16. h3
{[%clk 0:51:58]} Rfe8 {[%clk 1:04:02]} 17. Ned4 {[%clk 0:49:20]} Na5
{[%clk 1:00:22]} 18. Nh4 {[%clk 0:46:43]} Bh2+ {[%clk 0:51:28]} 19. Kh1
{[%clk 0:46:40]} Be5 {[%clk 0:50:53]} 20. Qg4 {[%clk 0:39:27]} Bxd4
{[%clk 0:45:54]} 21. Qxd4 {[%clk 0:33:18]} Qc4 {[%clk 0:42:08]} 22. Qxc4
{[%clk 0:31:31]} Nxc4 {[%clk 0:40:31]} 23. b3 {[%clk 0:25:10]} Nd6
{[%clk 0:39:34]} 24. Bb2 {[%clk 0:22:58]} Ne4 {[%clk 0:35:27]} 25. Rad1
{[%clk 0:22:42]} Rac8 {[%clk 0:35:11]} 26. Rd3 {[%clk 0:22:11]} Rc7
{[%clk 0:34:49]} 27. Kg1 {[%clk 0:20:54]} Rec8 {[%clk 0:29:49]} 28. Rc1
{[%clk 0:20:33]} b5 {[%clk 0:29:10]} 29. Kf1 {[%clk 0:14:55]} b4 {[%clk 0:28:28]}
30. c4 {[%clk 0:15:00]} dxc4 {[%clk 0:24:23]} 31. bxc4 {[%clk 0:12:00]} f6
{[%clk 0:08:24]} 32. Nf3 {[%clk 0:06:49]} Rxc4 {[%clk 0:08:20]} 33. Rxc4
{[%clk 0:06:23]} Rxc4 {[%clk 0:08:49]} 34. Rd8+ {[%clk 0:06:15]} Kf7
{[%clk 0:09:08]} 35. Ra8 {[%clk 0:05:50]} Rc2 {[%clk 0:08:58]} 36. Bd4
{[%clk 0:05:52]} Rxa2 {[%clk 0:09:11]} 37. Ra7 {[%clk 0:06:11]} Ke6
{[%clk 0:07:33]} 38. Be3 {[%clk 0:06:20]} Nf5 {[%clk 0:07:03]} 39. g4
{[%clk 0:05:30]} Nxe3+ {[%clk 0:07:19]} 40. fxe3 {[%clk 0:05:56]} Rf2+
{[%clk 0:07:28]}  0-1

[Event "European Senior Team Championship 2021"]
[Site "Don Giovanni hotel, Vinohradska 2733, Prague, Czech Republic"]
[Date "2021.09.06"]
[Round "8"]
[Board "3"]
[White "Berkovich, Mark A"]
[Black "Volosin, Vladimir"]
[Result "1-0"]
[WhiteElo "2323"]
[BlackElo "2235"]
[PlyCount "0"]
[EventDate "2021.08.30"]
[EventType "team"]
[EventRounds "9"]
[EventCountry "ECX"]
[WhiteTeam "ISRAEL 1"]
[BlackTeam "HUNGARY"]

1. Nf3 {[%clk 1:30:55]} c6 {[%clk 1:30:19]} 2. g3 {[%clk 1:31:06]} d5
{[%clk 1:30:06]} 3. Bg2 {[%clk 1:31:28]} Bf5 {[%clk 1:30:23]} 4. c4
{[%clk 1:31:43]} e6 {[%clk 1:30:39]} 5. O-O {[%clk 1:31:49]} Nf6 {[%clk 1:30:48]}
6. d3 {[%clk 1:30:30]} dxc4 {[%clk 1:28:58]} 7. dxc4 {[%clk 1:30:53]} Qxd1
{[%clk 1:27:39]} 8. Rxd1 {[%clk 1:31:16]} Bc5 {[%clk 1:26:44]} 9. Nc3
{[%clk 1:28:49]} Ne4 {[%clk 1:25:47]} 10. Nxe4 {[%clk 1:26:10]} Bxe4
{[%clk 1:25:55]} 11. Bf4 {[%clk 1:26:21]} a5 {[%clk 1:21:51]} 12. Nd2
{[%clk 1:23:22]} Bxg2 {[%clk 1:17:40]} 13. Kxg2 {[%clk 1:23:44]} Nd7
{[%clk 1:05:04]} 14. Ne4 {[%clk 1:21:06]} Be7 {[%clk 1:05:05]} 15. Rd3
{[%clk 1:19:01]} e5 {[%clk 0:59:19]} 16. Rad1 {[%clk 1:15:29]} O-O-O
{[%clk 0:52:34]} 17. Be3 {[%clk 1:10:33]} b6 {[%clk 0:52:09]} 18. g4
{[%clk 0:58:54]} Kc7 {[%clk 0:47:57]} 19. h3 {[%clk 0:54:37]} f6 {[%clk 0:44:57]}
20. f4 {[%clk 0:51:29]} Rhe8 {[%clk 0:32:39]} 21. fxe5 {[%clk 0:44:29]} Nxe5
{[%clk 0:31:38]} 22. Bf4 {[%clk 0:44:51]} Rxd3 {[%clk 0:29:23]} 23. Bxe5+
{[%clk 0:36:26]} Bd6 {[%clk 0:25:12]} 24. Bxd6+ {[%clk 0:29:45]} Rxd6
{[%clk 0:25:23]} 25. Nxd6 {[%clk 0:30:08]} Rd8 {[%clk 0:25:38]} 26. Nb5+
{[%clk 0:30:23]} cxb5 {[%clk 0:26:01]} 27. Rxd8 {[%clk 0:30:49]} Kxd8
{[%clk 0:26:23]} 28. cxb5 {[%clk 0:31:15]} Kd7 {[%clk 0:24:29]} 29. Kf3
{[%clk 0:30:57]} Kd6 {[%clk 0:24:09]} 30. Ke4 {[%clk 0:29:55]} g6
{[%clk 0:24:34]} 31. Kd4 {[%clk 0:27:11]} Ke6 {[%clk 0:24:14]} 32. a4
{[%clk 0:25:34]} f5 {[%clk 0:21:23]} 33. gxf5+ {[%clk 0:21:47]} gxf5
{[%clk 0:21:22]} 34. Kc4 {[%clk 0:21:11]} Ke5 {[%clk 0:18:08]} 35. b4
{[%clk 0:21:22]}  1-0

[Event "European Senior Team Championship 2021"]
[Site "Don Giovanni hotel, Vinohradska 2733, Prague, Czech Republic"]
[Date "2021.09.06"]
[Round "8"]
[Board "4"]
[White "Restas, Peter"]
[Black "Lederman, Leon"]
[Result "1-0"]
[WhiteElo "2115"]
[BlackElo "2246"]
[PlyCount "0"]
[EventDate "2021.08.30"]
[EventType "team"]
[EventRounds "9"]
[EventCountry "ECX"]
[WhiteTeam "HUNGARY"]
[BlackTeam "ISRAEL 1"]

1. c4 {[%clk 1:30:57]} c6 {[%clk 1:30:50]} 2. Nc3 {[%clk 1:31:12]} d5
{[%clk 1:31:15]} 3. d4 {[%clk 1:31:32]} Nf6 {[%clk 1:31:37]} 4. cxd5
{[%clk 1:31:37]} cxd5 {[%clk 1:32:02]} 5. Bf4 {[%clk 1:31:57]} Nc6
{[%clk 1:31:25]} 6. e3 {[%clk 1:32:21]} e6 {[%clk 1:30:35]} 7. Bd3
{[%clk 1:32:37]} Bd6 {[%clk 1:30:54]} 8. Bxd6 {[%clk 1:33:01]} Qxd6
{[%clk 1:31:20]} 9. f4 {[%clk 1:33:21]} O-O {[%clk 1:29:25]} 10. Nf3
{[%clk 1:33:31]} b6 {[%clk 1:28:36]} 11. O-O {[%clk 1:32:33]} Nb4
{[%clk 1:28:50]} 12. Bb1 {[%clk 1:24:11]} Ba6 {[%clk 1:28:51]} 13. Re1
{[%clk 1:24:05]} Rfc8 {[%clk 1:27:00]} 14. Ne5 {[%clk 1:13:08]} Rc7
{[%clk 1:22:45]} 15. Qa4 {[%clk 1:08:09]} Bc4 {[%clk 1:03:42]} 16. a3
{[%clk 1:07:18]} Nc6 {[%clk 0:56:03]} 17. Nxc4 {[%clk 1:06:49]} dxc4
{[%clk 0:56:28]} 18. Nb5 {[%clk 1:07:10]} Qd7 {[%clk 0:56:54]} 19. Nxc7
{[%clk 1:07:32]} Qxc7 {[%clk 0:57:19]} 20. Qxc4 {[%clk 1:07:43]} Qd6
{[%clk 0:57:27]} 21. Ba2 {[%clk 0:54:38]} Ne7 {[%clk 0:53:17]} 22. Rac1
{[%clk 0:53:14]} Nfd5 {[%clk 0:51:55]} 23. g3 {[%clk 0:51:48]} f5
{[%clk 0:50:21]} 24. Qa6 {[%clk 0:45:53]} Qd7 {[%clk 0:47:46]} 25. e4
{[%clk 0:39:17]} fxe4 {[%clk 0:39:23]} 26. Rxe4 {[%clk 0:38:49]} Nf5
{[%clk 0:39:21]} 27. Rce1 {[%clk 0:37:11]} Re8 {[%clk 0:37:00]} 28. Qd3
{[%clk 0:26:39]} g6 {[%clk 0:32:57]} 29. Re5 {[%clk 0:22:24]} Nc7
{[%clk 0:33:14]} 30. d5 {[%clk 0:19:57]} Rd8 {[%clk 0:29:48]} 31. Qe4
{[%clk 0:12:31]} exd5 {[%clk 0:27:37]} 32. Rd1 {[%clk 0:12:16]} Kf8
{[%clk 0:27:12]} 33. Bxd5 {[%clk 0:11:43]} Qb5 {[%clk 0:26:52]} 34. Rxf5+
{[%clk 0:11:07]}  1-0

[Event "European Senior Team Championship 2021"]
[Site "Don Giovanni hotel, Vinohradska 2733, Prague, Czech Republic"]
[Date "2021.09.06"]
[Round "8"]
[Board "1"]
[White "Knaak, Rainer"]
[Black "Chevelevitch, Evgueni"]
[Result "1-0"]
[WhiteElo "2476"]
[BlackElo "2386"]
[PlyCount "0"]
[EventDate "2021.08.30"]
[EventType "team"]
[EventRounds "9"]
[EventCountry "ECX"]
[WhiteTeam "LASKER SCHACHSTIFTUNG GK"]
[BlackTeam "GERMANY 1"]

1. d4 {[%clk 1:30:49]} Nf6 {[%clk 1:30:53]} 2. c4 {[%clk 1:31:04]} e6
{[%clk 1:31:07]} 3. Nc3 {[%clk 1:31:14]} Bb4 {[%clk 1:31:14]} 4. Nf3
{[%clk 1:30:33]} d5 {[%clk 1:25:16]} 5. Bg5 {[%clk 1:29:06]} dxc4
{[%clk 1:20:23]} 6. e4 {[%clk 1:21:51]} h6 {[%clk 1:20:13]} 7. Bxf6
{[%clk 1:22:10]} Qxf6 {[%clk 1:20:42]} 8. Bxc4 {[%clk 1:22:12]} c5
{[%clk 1:21:00]} 9. O-O {[%clk 1:19:06]} cxd4 {[%clk 1:13:30]} 10. Nb5
{[%clk 1:18:48]} Qe7 {[%clk 1:09:53]} 11. Qxd4 {[%clk 0:53:11]} O-O
{[%clk 1:09:26]} 12. e5 {[%clk 0:53:17]} Nc6 {[%clk 1:07:34]} 13. Qe4
{[%clk 0:53:30]} a6 {[%clk 1:03:32]} 14. Nbd4 {[%clk 0:53:07]} Bd7
{[%clk 1:02:37]} 15. Bd3 {[%clk 0:52:03]} g6 {[%clk 1:00:56]} 16. Ne2
{[%clk 0:43:22]} Bc5 {[%clk 0:47:32]} 17. a3 {[%clk 0:43:43]} Rfd8
{[%clk 0:47:47]} 18. Rad1 {[%clk 0:38:30]} Be8 {[%clk 0:47:37]} 19. h4
{[%clk 0:37:34]} Qc7 {[%clk 0:38:36]} 20. h5 {[%clk 0:35:36]} Ne7
{[%clk 0:38:06]} 21. hxg6 {[%clk 0:25:45]} Nxg6 {[%clk 0:38:09]} 22. Qg4
{[%clk 0:24:12]} Qe7 {[%clk 0:29:55]} 23. Nf4 {[%clk 0:22:23]} Bb6
{[%clk 0:27:36]} 24. Bxg6 {[%clk 0:17:43]} fxg6 {[%clk 0:27:28]} 25. Nxg6
{[%clk 0:17:50]} Qf7 {[%clk 0:27:34]} 26. Nf4+ {[%clk 0:13:48]} Kh8 27. Rxd8
{[%clk 0:06:50]} Rxd8 {[%clk 0:27:39]} 28. Qxe6 {[%clk 0:06:00]} Qxe6
{[%clk 0:20:52]} 29. Nxe6 {[%clk 0:06:26]} Rd5 {[%clk 0:20:50]} 30. Nf4
{[%clk 0:05:37]} Rb5 {[%clk 0:20:44]} 31. Rc1 {[%clk 0:04:17]} Bc6
{[%clk 0:18:25]} 32. Nd3 {[%clk 0:04:17]} Rb3 {[%clk 0:17:17]} 33. Rc3
{[%clk 0:03:20]} Rxc3 {[%clk 0:16:46]} 34. bxc3 {[%clk 0:03:49]} Be4
{[%clk 0:16:37]} 35. Nfe1 {[%clk 0:02:52]} Kg8 {[%clk 0:11:26]} 36. Kf1
{[%clk 0:03:14]} Kf7 {[%clk 0:11:28]} 37. f3 {[%clk 0:02:54]} Bd5
{[%clk 0:09:50]} 38. Ke2 {[%clk 0:02:55]} Bc4 {[%clk 0:09:20]} 39. Nc2
{[%clk 0:02:11]} Bc5 {[%clk 0:08:20]} 40. Kd2 {[%clk 0:02:03]} Bf8
{[%clk 0:06:37]} 41. a4 {[%clk 0:22:46]} Ke6 {[%clk 0:34:49]} 42. f4
{[%clk 0:22:38]} a5 {[%clk 0:31:43]} 43. f5+ {[%clk 0:20:14]} Kd7
{[%clk 0:31:42]} 44. Nd4 {[%clk 0:20:35]} h5 {[%clk 0:27:40]} 45. g3
{[%clk 0:17:18]} Bh6+ {[%clk 0:27:40]} 46. Kc2 {[%clk 0:17:20]} b6
{[%clk 0:26:46]} 47. Nf2 {[%clk 0:16:48]}  1-0

[Event "European Senior Team Championship 2021"]
[Site "Don Giovanni hotel, Vinohradska 2733, Prague, Czech Republic"]
[Date "2021.09.06"]
[Round "8"]
[Board "2"]
[White "Hort, Vlastimil"]
[Black "Kalinitschew, Sergey"]
[Result "0-1"]
[WhiteElo "2385"]
[BlackElo "2434"]
[PlyCount "0"]
[EventDate "2021.08.30"]
[EventType "team"]
[EventRounds "9"]
[EventCountry "ECX"]
[WhiteTeam "GERMANY 1"]
[BlackTeam "LASKER SCHACHSTIFTUNG GK"]

1. d4 {[%clk 1:30:50]} Nf6 {[%clk 1:30:10]} 2. c4 {[%clk 1:31:07]} e6
{[%clk 1:30:28]} 3. Nf3 {[%clk 1:31:13]} b6 {[%clk 1:30:28]} 4. g3
{[%clk 1:31:23]} Bb7 {[%clk 1:30:43]} 5. Bg2 {[%clk 1:31:44]} Bb4+
{[%clk 1:31:01]} 6. Bd2 {[%clk 1:31:02]} Be7 {[%clk 1:27:58]} 7. Nc3
{[%clk 1:29:24]} O-O {[%clk 1:26:50]} 8. O-O {[%clk 1:29:00]} c5 {[%clk 1:24:45]}
9. Rc1 {[%clk 1:13:32]} cxd4 {[%clk 1:21:21]} 10. Nxd4 {[%clk 1:13:24]} Bxg2
{[%clk 1:21:11]} 11. Kxg2 {[%clk 1:13:38]} Nc6 {[%clk 1:08:22]} 12. Nxc6
{[%clk 1:12:08]} dxc6 {[%clk 1:08:47]} 13. Bf4 {[%clk 1:11:59]} Qc8
{[%clk 1:08:18]} 14. Qd3 {[%clk 1:10:17]} Qa6 {[%clk 1:08:40]} 15. b3
{[%clk 1:09:55]} Rad8 {[%clk 1:06:50]} 16. Qf3 {[%clk 1:08:55]} b5
{[%clk 1:07:14]} 17. cxb5 {[%clk 1:08:04]} cxb5 {[%clk 1:07:36]} 18. a4
{[%clk 1:07:36]} bxa4 {[%clk 1:07:42]} 19. Nxa4 {[%clk 1:07:02]} Nd5
{[%clk 1:07:44]} 20. Be5 {[%clk 1:06:11]} Rc8 {[%clk 1:04:12]} 21. Bd4
{[%clk 1:02:09]} Qb7 {[%clk 1:00:28]} 22. Kg1 {[%clk 1:00:26]} Rfd8
{[%clk 0:58:43]} 23. Rfd1 {[%clk 0:57:49]} Rb8 {[%clk 0:49:06]} 24. Rb1
{[%clk 0:55:01]} a6 {[%clk 0:48:16]} 25. Nc3 {[%clk 0:52:47]} Nxc3
{[%clk 0:43:41]} 26. Qxc3 {[%clk 0:52:24]} Rbc8 {[%clk 0:43:20]} 27. Qb2
{[%clk 0:50:21]} f6 {[%clk 0:42:10]} 28. Be3 {[%clk 0:48:55]} Qe4
{[%clk 0:41:39]} 29. Rxd8+ {[%clk 0:48:42]} Rxd8 {[%clk 0:41:32]} 30. Rc1
{[%clk 0:48:24]} h5 {[%clk 0:41:25]} 31. Qc2 {[%clk 0:47:57]} Qxc2
{[%clk 0:36:24]} 32. Rxc2 {[%clk 0:47:56]} Rd1+ {[%clk 0:30:00]} 33. Kg2
{[%clk 0:48:16]} Bb4 {[%clk 0:30:15]} 34. Rc1 {[%clk 0:48:13]} Rxc1
{[%clk 0:29:22]} 35. Bxc1 {[%clk 0:48:30]} f5 {[%clk 0:29:48]} 36. h3
{[%clk 0:48:14]} Kf7 {[%clk 0:29:37]} 37. g4 {[%clk 0:41:31]} g6 {[%clk 0:27:00]}
38. gxh5 {[%clk 0:40:42]} gxh5 {[%clk 0:27:23]} 39. Kf3 {[%clk 0:40:33]} Ke7
{[%clk 0:27:33]} 40. Kf4 {[%clk 0:40:16]} Kf6 {[%clk 0:24:55]} 41. Bb2+
{[%clk 0:40:17]} Kg6 {[%clk 0:25:24]} 42. e4 {[%clk 0:38:51]} Bd2+
{[%clk 0:03:04]} 43. Ke5 {[%clk 0:37:27]} Kg5 {[%clk 0:03:20]} 44. exf5
{[%clk 0:34:29]} exf5 {[%clk 0:02:36]} 45. Bd4 Kh4 46. Be3 {[%clk 0:32:12]} Bc3+
{[%clk 0:24:02]} 47. Kf4 {[%clk 1:01:27]} Kxh3 {[%clk 0:24:13]} 48. Kf3
{[%clk 1:01:48]} Be5 {[%clk 0:24:17]} 49. Bg5 {[%clk 1:02:03]} Kh2
{[%clk 0:24:40]} 50. Be7 {[%clk 1:01:08]} Kg1 {[%clk 0:24:38]} 51. Ke3
{[%clk 1:01:13]} Kg2 {[%clk 0:23:46]} 52. f4 {[%clk 1:01:32]} Bc7
{[%clk 0:23:32]} 53. Bf6 {[%clk 1:01:17]} Kg3 {[%clk 0:23:44]}  0-1